| 000 | 00343nam a22001217a 4500 | ||
|---|---|---|---|
| 082 |
_a620.1053 _bHUN _cL-5, P-70 |
||
| 100 |
_aHunter, Thomas A. _940699 |
||
| 245 |
_aEngineering Mechanics Statics _cHunter, Thomas A. |
||
| 300 |
_a415 p. : _bill, ; _c20 cm. |
||
| 526 |
_a0 _b0 _c0 _d620_105300000000000_HUN |
||
| 650 |
_aMCE _9379 |
||
| 942 |
_2ddc _cBK |
||
| 999 |
_c544958 _d544958 |
||